| 000 | 01102nam a22003377a 4500 | ||
|---|---|---|---|
| 003 | CHAP | ||
| 005 | 20220329134104.0 | ||
| 008 | 971013s1994 r 00010 d | ||
| 010 | _a15213 | ||
| 011 | _a16185 | ||
| 035 | _a20263 | ||
| 040 | _cCHAP | ||
| 090 | _aTesis | ||
| 100 | 0 | 0 |
_aCaballero Pacheco, Oscar. _916574 |
| 245 | _aPruebas y evaluación del multiarado M-300 en labranza de suelos | ||
| 260 |
_aChapingo, Méx. : _bEl autor, _c1994 |
||
| 300 |
_a143 h. _b: ilus. |
||
| 502 | _aTesis (Ing. Agr. Esp. en Mecánica Agrícola) -- UACH. Departamento de Ingeniería Mecánica Agrícola | ||
| 590 |
_aALEPH _b10 _c20130110 _lUCH01 _h1237 |
||
| 590 |
_aBATCH-UPD _b10 _c20130110 _lUCH01 _h1347 |
||
| 590 |
_aBATCH-UPD _b10 _c20130410 _lUCH01 _h0845 |
||
| 590 |
_aBATCH-UPD _b10 _c20130914 _lUCH01 _h1711 |
||
| 590 |
_aCONVERSION _b10 _c20130109 _lUCH01 _h1310 |
||
| 650 | 1 | 4 |
_aArados. _96417 |
| 650 | 1 | 4 |
_aLabranza. _964303 |
| 650 | 1 | 4 |
_aMaquinaria agrícola. _971151 |
| 700 | 0 |
_aOrozco Mera, Luis. _983688 |
|
| 901 | _aBK | ||
| 942 | _cTESIS | ||
| 949 |
_bBC _cTES _d-47292 _eTS1 _h30191 _i20263 _si |
||
| 999 |
_c15213 _d15213 |
||